| 000 | 00709nam a2200205 a 4500 | ||
|---|---|---|---|
| 001 | 000010434 | ||
| 005 | 20250204073951.0 | ||
| 008 | 091007s1997 dr 001 p spa d | ||
| 040 |
_aDO-SdBNP _bspa _cBNPHU |
||
| 082 |
_aRD861.44 _bL453v |
||
| 100 | 1 |
_aLebrón Saviñon, Mariano _d1922-2014 _97227 |
|
| 245 | 1 | 0 |
_aVuelta al ayer : _bpoemas / _cMariano Lebrón Saviñón; prólogo Bruno Rosario Candelier. |
| 260 |
_aSanto Domingo, : _bEl Pez Rojo, _c1997. |
||
| 300 |
_a85 p. ; _c23 cm. |
||
| 590 | _aInventariado, 2018/LP | ||
| 650 | 0 |
_aPoesía dominicana _966 |
|
| 650 | 0 |
_aLiteratura dominicana. _967 |
|
| 700 | 1 |
_aRosario Candelier, Bruno, _d1941- _epról. _9851 |
|
| 910 | _aValidado. Control de calidad MFF | ||
| 999 |
_c10193 _d10193 |
||